000 00569nam a2200217 a 4500
001 BRL_597
005 20190320210821.0
008 090913s1955----gw-a######---#000-0#ger-#
041 _ager
044 _agw
050 4 _aPT2653
_b.K55 1955
100 1 _aKiljan Laxness, Halldór
_924392
245 1 0 _aAtomstation
_bRoman
_cHalldór Kiljan Laxness
260 _aAlemania
_brororo Rowohlt
_c1955
300 _a155 p.
_bil.
_c19 cm.
440 0 _arororo
_v162
_924393
500 _aAu690
650 1 4 _aLiteratura Alemana
_xNovela
_924394
902 _aGRL
942 _2lcc
_cB
999 _c9409
_d9409